Small animal surgery (Record no. 85654)
[ view plain ]
| 000 -LEADER | |
|---|---|
| fixed length control field | 00888 a2200277 4500 |
| 003 - CONTROL NUMBER IDENTIFIER | |
| control field | CBULib |
| 005 - DATE AND TIME OF LATEST TRANSACTION | |
| control field | 20250122085843.0 |
| 008 - FIXED-LENGTH DATA ELEMENTS--GENERAL INFORMATION | |
| fixed length control field | 241017b |||||||| |||| 00| 0 eng d |
| 020 ## - INTERNATIONAL STANDARD BOOK NUMBER | |
| International Standard Book Number | 9780323443449 |
| 040 ## - CATALOGING SOURCE | |
| Language of cataloging | English |
| Transcribing agency | CBULib |
| Description conventions | rda |
| 041 ## - LANGUAGE CODE | |
| Language code of text/sound track or separate title | eng |
| 050 ## - LIBRARY OF CONGRESS CALL NUMBER | |
| Classification number | SF 911 Fos |
| 100 ## - MAIN ENTRY--PERSONAL NAME | |
| Personal name | Fossum, Theresa Welch |
| 245 ## - TITLE STATEMENT | |
| Title | Small animal surgery |
| Statement of responsibility, etc | / by Theresa Welch Fossum; Jane Cho; Curtis W. Dewey; Kei Hayashi; Catriona M. MacPhail and Jane E. Quandt |
| 250 ## - EDITION STATEMENT | |
| Edition statement | Fifth edition |
| 260 ## - PUBLICATION, DISTRIBUTION, ETC. (IMPRINT) | |
| Name of publisher, distributor, etc | Elsevier, |
| Date of publication, distribution, etc | 2019 |
| Place of publication, distribution, etc | Philadephia : |
| 300 ## - PHYSICAL DESCRIPTION | |
| Extent | xv, 1568 pages : illustrations |
| 336 ## - CONTENT TYPE | |
| Source | rdacontent |
| Content type term | Text | |
| Content type code | txt |
| 337 ## - MEDIA TYPE | |
| Source | rdamedia |
| Media type term | Unmediated | |
| Media type code | n |
| 338 ## - CARRIER TYPE | |
| Source | rdacarrier |
| Carrier type term | Volume |
| Carrier type code | nc |
| 650 #0 - SUBJECT ADDED ENTRY--TOPICAL TERM | |
| 9 (RLIN) | 3741 |
| Topical term or geographic name as entry element | SURGERY, VETERINARY |
| 650 #0 - SUBJECT ADDED ENTRY--TOPICAL TERM | |
| 9 (RLIN) | 3742 |
| Topical term or geographic name as entry element | ANIMAL DISEASE -- SURGERY |
| 700 ## - ADDED ENTRY--PERSONAL NAME | |
| 9 (RLIN) | 3743 |
| Personal name | Cho, Jane |
| 700 ## - ADDED ENTRY--PERSONAL NAME | |
| 9 (RLIN) | 3744 |
| Personal name | Dewey, Curtis W. |
| 942 ## - ADDED ENTRY ELEMENTS (KOHA) | |
| Source of classification or shelving scheme | |
| Koha item type | MONOGRAPH |
| Withdrawn status | Lost status | Source of classification or shelving scheme | Damaged status | Not for loan | Collection code | Permanent Location | Current Location | Shelving location | Date acquired | Source of acquisition | Cost, normal purchase price | Full call number | Barcode | Date last seen | Price effective from | Koha item type | Total Checkouts |
|---|---|---|---|---|---|---|---|---|---|---|---|---|---|---|---|---|---|
| CBU-Lusaka Campus | CBU- LUSAKA CAMPUS | CBU- LUSAKA CAMPUS | General Stacks | 10/17/2024 | DON-BOOKAID | 128.00 | SF 911 Fos | 752953 | 10/17/2024 | 10/17/2024 | MONOGRAPH | ||||||
| CBU-Lusaka Campus | CBU- LUSAKA CAMPUS | CBU- LUSAKA CAMPUS | General Stacks | 10/17/2024 | DON-BOOKAID | 128.00 | SF 911 Fos | 752954 | 10/17/2024 | 10/17/2024 | MONOGRAPH | ||||||
| Main Library Open Access Collection | CBU-MAIN LIBRARY, KITWE. | CBU-MAIN LIBRARY, KITWE. | General Stacks | 01/22/2025 | BOOK AID INTERNATIONAL | 146.49 | SF 911 Fos | 753306 | 01/22/2025 | 01/22/2025 | MONOGRAPH | ||||||
| Main Library Open Access Collection | CBU-MAIN LIBRARY, KITWE. | CBU-MAIN LIBRARY, KITWE. | General Stacks | 01/22/2025 | BOOK AID INTERNATIONAL | 146.49 | SF 911 Fos | 753305 | 01/22/2025 | 01/22/2025 | MONOGRAPH |